| 000 | 01283cad a22002775a 4500 | ||
|---|---|---|---|
| 001 | E152942 | ||
| 008 | 110517s2011 xxk f 000 0 eng d | ||
| 020 | _a9781842196731 | ||
| 035 | _a(Sirsi) u152942 | ||
| 041 | 0 | _aeng | |
| 050 | 0 | 4 | _a333.332 $2 18 |
| 110 | 2 |
_aRoyal Institution of Chartered Surveyors _94900 |
|
| 245 | 0 | 0 |
_aValuations for financial statements under UK GAAP _bRICS guidance note _h[electronic resource] |
| 250 | _a2nd ed. | ||
| 260 |
_aCoventry _bRICS _c2011 |
||
| 300 |
_a23p. _c30cm. |
||
| 490 | 0 |
_aRICS Guidance Note _v(GN 71/2011) |
|
| 520 | _aOut of date, archived 13/04/2015. | ||
| 520 | _aProvides an in-depth analysis of the concept of Existing Use Value (EUV) as defined in the RICS Valuation Standards. Using 12 examples, a range of situations are illustrated and practical guidance is offered on how EUV differs from Market Value, how it should be reported and the disclosures that have to be made. | ||
| 590 | _aKA | ||
| 650 | 2 | 4 | _aRICS VALUATION STANDARDS |
| 651 | 4 |
_aUnited Kingdom _y |
|
| 690 | _aPROPERTY-PROPERTY APPRAISAL AND VALUATION | ||
| 856 | 4 | 0 |
_uhttps://www.rics.org/Global/Downloads/RICS_Valuation_for_financial_statements_under_UK_GAAP_2011.pdf _zView the guidance free of charge (members only) at www.rics.org |
| 942 | _n0 | ||
| 999 |
_c112284 _d112284 |
||